000 01038nam0a2200325 i 4500
001 RU\NLR\bibl\1963381
005 20260409080617.0
010 _a9785996801657
_915000
021 _aRU
_b2012-76701
_95691
035 _a(nilc)RSL-KNO-005505415
035 _a(NLR Aleph) 001952365
090 _a3712800
_c3712800
100 _a20120613d2012 u y0rusy50 ca
101 0 _arus
102 _aRU
105 _aa |||||||||
200 1 _aСвятое Евангелие
210 _aМосква
_cБлаговест
_d2012
215 _a333, [2] с.
_cил., портр.
_d22
500 _aБиблия
_iН.З.
_iЕвангелие
_3RU\NLR\auth\553145
_92631082
605 _aБиблия
_iНовый Завет
_iЕвангелие
_92079095
_3RU\NLR\auth\661254967
686 _aЭ37-220.911,0
_2rubbk
686 _aЭ37-220.911
801 0 _aRU
_bRuMoRKP
_c20120613
_grcr
801 1 _aRU
_bРГБ
_c20120613
801 2 _aRU
_bNLR
_c20121102
_grcr
942 _cBOOK
980 _aNBR